000 00361nam a2200133 4500
005 20260530113855.0
100 1 _aNorman Potter
_931666
245 1 0 _aWhat is a designer: education and practice
264 1 _bSutudio Vista / Reinhold
_c1969
300 _a96 páginas
336 _atexto
_2rdacontent
337 _asin medio
_2rdamedia
338 _avolumen
_2rdacarrier
999 _c11599
_d11599